000 00549 a2200193 4500
999 _c8384
_d8384
003 GBCCL
005 20241126110649.0
008 200226b ||||| |||| 00| 0 eng d
020 _a8174750657
040 _cGBC
082 _a226.07
_bWIN
100 _aWintle, Brian C.
_96905
245 _aSynoptic Studies:
_bA Primer
260 _aBangalore [India] :
_bTheological Book Trust,
_c2010.
300 _a353
650 _aBible. -- Gospels -- Criticism, interpretation, etc.
_914668
650 _aBible. -- Gospels.
_913042
942 _2ddc
_cBK
_011